Tổ chức dàn nhạc trong nghi lễ cầu siêu /

Saved in:
Bibliographic Details
Main Author: Nguyễn Đình Lâm.
Format: Article
Language:Vietnamese
Subjects:
Tags: Add Tag
No Tags, Be the first to tag this record!
Institutions: Thư viện Trường Đại học Đà Lạt
LEADER 00786nam a2200277 4500
001 DLU100113095
005 ##20101110
040 # # |a DLU  |b vie 
041 # # |a vie 
044 # # |a vn 
100 # # |a Nguyễn Đình Lâm. 
245 # # |a Tổ chức dàn nhạc trong nghi lễ cầu siêu /  |c Nguyễn Đình Lâm. 
653 # # |a Đạo Phật 
653 # # |a Nghi lễ 
653 # # |a Nhạc cụ 
653 # # |a Nhạc tôn giáo 
773 # # |t Tạp chí nghiên cứu Phật học  |g Số 6, 2008, tr. 34-39 
920 # # |a Phòng Tạp chí -- Trung tâm Thông tin - Thư viện Trường Đại học Đà Lạt 
994 # # |a DLU 
900 # # |a True 
911 # # |a Nguyễn Thị Linh Chi 
925 # # |a G 
926 # # |a A 
927 # # |a BB 
980 # # |a Thư viện Trường Đại học Đà Lạt